Statistics for Fifa 21 Top 50 African Players

Click here to take the quiz!

General Stats

  • This quiz has been taken 74 times
  • The average score is 23 of 50

Answer Stats

RatingClubNationPlayer% Correct
90LiverpoolEgyptMohamed Salah
100%
90LiverpoolSenegalSadio Mane
100%
87ArsenalGabonPierre-Emerick Aubameyang
95%
85Manchester CityAlgeriaRiyad Mahrez
94%
88NapoliSenegalKalidou Koulibaly
92%
85ChelseaMoroccoHakim Ziyech
90%
84ArsenalGhanaThomas Partey
87%
83Crystal PalaceIvory CoastWilfried Zaha
84%
83Inter MilanMoroccoAchraf Hakimi
82%
83LiverpoolCameroonJoel Matip
81%
84Leicester CityNigeriaWilfred Ndidi
81%
81LiverpoolGuineaNaby Keita
79%
84PSGSenegalIdrissa Gueye
76%
82ArsenalIvory CoastNicolas Pepe
76%
84AjaxCameroonAndre Onana
73%
80Tottenham HotspurIvory CoastSerge Aurier
68%
79Manchester UnitedIvory CoastEric Bailly
65%
79ChelseaSenegalEdouard Mendy
58%
79Atletico MadridCentral African RepublicGeoffrey Kondogbia
55%
82Getafe CFTogoDakonam Djene
48%
80Beijing GuoanDR CongoCedric Bakambu
47%
79NapoliNigeriaVictor Osimhen
47%
80WolvesIvory CoastWilly Boly
39%
79Stade RennesMaliHamari Traore
37%
79NapoliAlgeriaFaouzi Ghoulam
35%
79FC PortoMaliMoussa Marega
35%
78WolvesMoroccoRomain Saiss
34%
79FC Schalke 04SenegalSalif Sane
34%
79OGC NiceAlgeriaYoucef Atal
34%
78ParmaIvory CoastGervinho
32%
78Sevilla FCMoroccoYoussef En-Nesyri
32%
79Real BetisAlgeriaAissa Mandi
31%
79Borussia MonchengladbachAlgeriaRamy Bensebaini
31%
78Olympique LyonCameroonKarl Toko-Ekambi
26%
80TorinoCameroonNicolas Nkoulou
26%
79GalatasarayAlgeriaSofiane Feghouli
26%
79Montpellier HSCAlgeriaAndy Delort
21%
78Spartak MoscowNigeriaVictor Moses
18%
78AC MonzaGhanaKevin-Prince Boateng
16%
79Al-NassrMoroccoNordin Amrabat
15%
79Al-NassrMoroccoAbderrazak Hamdallah
13%
78OlympiacosMoroccoYoussef El-Arabi
11%
78SD EibarSenegalPapakouli Diop
10%
78Royal AntwerpDR CongoDieumerci Mbokani
8%
78GalatasarayMoroccoYounes Belhanda
8%
78Vitoria GuimaraesMaliFalaye Sacko
6%
78BSC Young BoysCameroonJean-Pierre Nsame
6%
78Stade RennesSenegalM'Baye Niang
6%
78Sporting CPMoroccoZouhair Feddal
6%
78TrabzonsporNigeriaAnthony Nwakaeme
5%

Score Distribution

Percentile by Number Answered

Percent of People with Each Score

Your Score History

You have not taken this quiz